Biblioteca nueva de los escritores aragoneses (Record no. 157227)
[ view plain ]
| 000 -LEADER | |
|---|---|
| campo de control de longitud fija | 01256nam a2200265 i 4500 |
| 001 - NÚMERO DE CONTROL | |
| campo de control | 157227 |
| 003 - IDENTIFICADOR DE NÚMERO DE CONTROL | |
| campo de control | ES-MaACL |
| 005 - FECHA Y HORA DE LA ÚLTIMA TRANSACCIÓN | |
| campo de control | 20250801093105.0 |
| 008 - DATOS DE LONGITUD FIJA--INFORMACIÓN GENERAL | |
| campo de control de longitud fija | 931025s1798 sp ac |||| | spa d |
| 100 1# - ENTRADA PRINCIPAL--NOMBRE DE PERSONA | |
| Nombre de persona | Latassa y Ortin, Félix de. |
| 9 (RLIN) | 70515 |
| 245 10 - MENCIÓN DEL TÍTULO | |
| Título | Biblioteca nueva de los escritores aragoneses |
| Resto del título | : que florecieron desde el año de 1500 hasta 1599 / |
| Mención de responsabilidad, etc. | su autor el doctor Don Felix de Latassa y Ortin ... ; tomo \RI\R. |
| 260 ## - PUBLICACIÓN, DISTRIBUCIÓN, ETC. | |
| Lugar de publicación, distribución, etc. | En Pamplona : |
| Nombre del editor, distribuidor, etc. | en la Oficina de Joaquin de Domingo ..., |
| Fecha de publicación, distribución, etc. | 1798. |
| 300 ## - DESCRIPCIÓN FÍSICA | |
| Extensión | 7, 628 p., [2] h. de grab. ; |
| Dimensiones | 4º. |
| 596 ## - NOTA AL PIE DE IMPRENTA | |
| NOTA AL PIE DE IMPRENTA | Marca de imp. en port. |
| 597 ## - NOTA DE DESCRIPCIÓN FÍSICA | |
| NOTA DE DESCRIPCIÓN FÍSICA | Sign.: [calderón]\p4\s, A-Z\p4\s, 2A-2Z\p4\s, 3A-3Z\p4\s 4A-4H\p4\s, 4I\p2\s, 4K\p4\s. |
| 597 ## - NOTA DE DESCRIPCIÓN FÍSICA | |
| NOTA DE DESCRIPCIÓN FÍSICA | 1 h. de grab. calc.: retrato de D. Felix de Latassa delante de la port. |
| 597 ## - NOTA DE DESCRIPCIÓN FÍSICA | |
| NOTA DE DESCRIPCIÓN FÍSICA | 1 h. de grab. calc., esc. heráldico detrás de la port. |
| 650 ## - PUNTO DE ACCESO ADICIONAL DE MATERIA--TÉRMINO DE MATERIA | |
| Término de materia o nombre geográfico como elemento de entrada | Aragon- |
| Subdivisión general | Bibliografia. |
| 9 (RLIN) | 222733 |
| 650 #0 - PUNTO DE ACCESO ADICIONAL DE MATERIA--TÉRMINO DE MATERIA | |
| Término de materia o nombre geográfico como elemento de entrada | Literatura española- |
| Subdivisión geográfica | Aragón- |
| Subdivisión general | Bibliografía |
| 9 (RLIN) | 233447 |
| 650 #0 - PUNTO DE ACCESO ADICIONAL DE MATERIA--TÉRMINO DE MATERIA | |
| Término de materia o nombre geográfico como elemento de entrada | Escritores aragoneses |
| 9 (RLIN) | 234111 |
| 700 1# - ENTRADA AGREGADA--NOMBRE PERSONAL | |
| Nombre de persona | Domingo, Joaquín, |
| Término indicativo de función/relación | |
| 9 (RLIN) | 126819 |
| 752 ## - ENTRADA AGREGADA--NOMBRE JERÁRQUICO DEL LUGAR | |
| País o entidad superior | España - |
| Ciudad | Pamplona |
| 852 ## - LOCALIZACIÓN | |
| Ubicación | ES-MaACL |
| Número de control de estantería | R-330-35 |
| Nota libre | -- Enc. pasta española grabada |
| condición física | -- Falto de port. |
| Encuadernación | Olim: C-2217-22 |
| Estatus retirado | Estado de pérdida | Estado de daño | No para préstamo | Colección | Biblioteca de origen | Biblioteca actual | Ubicación en estantería | Fecha de adquisición | Total de préstamos | Signatura topográfica completa | Código de barras | Visto por última vez | Precio de reemplazo | Tipo de ítem Koha |
|---|---|---|---|---|---|---|---|---|---|---|---|---|---|---|
| Libros del s. XVIII | Biblioteca del Ateneo de Madrid | Biblioteca del Ateneo de Madrid | Depósito | 17/01/2008 | R-330-35 | 1164529 | 23/02/2023 | 23/02/2023 | Libro impreso antiguo |
